000 01065cas a22002415 4500
001 L152460
008 111108c2011 xxuqr ws s 0 a0eng u
035 _a(Sirsi) u152460
041 0 _aeng
050 _a333.33 $2 18
110 2 _aJones Lang LaSalle
_93755
245 0 0 _aUnited States Office Outlook
_h[electronic resource]
260 _a[S.l.]
_bJones Lang LaSalle
_c2011
362 0 _aCurrent quarterly issue only
490 0 _aJones Lang LaSalle United States Office Outlook
_vQ3 2011
520 _aA quarterly overview of supply and demand conditions, detailed statistics, rankings, and brief analyses of more than 20 major office markets in the United states and Canada.
554 _aFour per year
650 2 4 _aJONES LANG LASALLE UNITED STATES OFFICE OUTLOOK
651 4 _aUnited States
_y1959-
690 _aPROPERTY-COMMERCIAL PROPERTY-COMMERCIAL PROPERTY MARKET
856 4 0 _uhttps://www.us.am.joneslanglasalle.com/UnitedStates/EN-US/Pages/ResearchOffice.aspx
_zView the report free of charge at www.us.am.joneslanglasalle.com
942 _n0
999 _c119307
_d119307